| Поле | Название | Значение |
| |
Тип записи |
a |
| |
Библиографический уровень |
c |
| 001 |
Контрольный номер |
RU/SLIB/B/208766279 |
| 005 |
Дата корректировки |
20201206204241.8 |
| 010 |
Индекс ISBN |
__ |
| a |
ISBN |
5-16-001527-2 |
| d |
Цена |
150-92 |
| 101 |
Язык документа |
0_ |
| a |
Язык текста |
rus |
| 200 |
Заглавие и сведения об ответственности |
1_ |
| a |
Заглавие |
Международно-правовые основы борьбы с терроризмом |
| e |
Сведения, относящиеся к заглавию |
сб. док. |
| f |
Первые сведения об ответственности |
сост. В. С. Овчинский |
| b |
Общее обозначение материала |
Текст |
| 210 |
Выходные данные |
__ |
| a |
Место издания |
М. |
| c |
Издательство |
ИНФРА-М |
| d |
Дата издания |
2003 |
| 215 |
Физическое описание |
__ |
| a |
Объем |
480 с. |
| 225 |
Серия |
__ |
| a |
Серия |
Высшее образование |
| 330 |
Аннотация |
__ |
| a |
Аннотация |
Международные документы по вопросам борьбы с финансированием терроризма, терроризмом на воздушном транспорте, морским, ядерным терроризмом, незаконным оборотом оружия и др. Для студентов, аспирантов, преподавателей, практических работников сферы противодействия терроризму. |
| 606 |
Тематические рубрики |
__ |
| a |
Основная рубрика |
Право |
| 606 |
Тематические рубрики |
__ |
| a |
Основная рубрика |
Международное публичное право |
| 610 |
Ключевые слова |
__ |
| a |
Ключевые слова |
терроризм; борьба с терроризмом; конвенции; международно-правовые нормы; финансирование; ядерный терроризм; незаконный оборот оружия; международные конфликты; экстремизм; международное публичное право; безопасность; внешняя политика |
| 686 |
Индексы других классификаций |
__ |
| a |
Классификационный индекс |
67.91 |
| 702 |
Вторичная интеллектуальная ответственность |
_1 |
| a |
Фамилия |
Овчинский |
| b |
Имя |
В. С. |
| 4 |
Код отношения |
Составитель |
| 4 |
Код отношения |
220 |
| 801 |
Источник записи |
_0 |
| a |
Страна |
RU |
| b |
Организация |
Муниципальное бюджетное учреждение культуры "Централизованная библиотечная система" г. Сургут (Центральная городская библиотека им. А. С. Пушкина) |
| g |
Правила каталогизации |
КиК/Котельникова |
| 801 |
Источник записи |
_1 |
| a |
Страна |
RU |
| b |
Организация |
Муниципальное бюджетное учреждение культуры "Централизованная библиотечная система" г. Сургут (Центральная городская библиотека им. А. С. Пушкина) |
| g |
Правила каталогизации |
КиК/Котельникова |
| 852 |
Данные о местонахождении |
__ |
| j |
Шифр хранения |
67.91 |
| c |
Каталожный индекс |
67.412.1 |
| i |
Авторский знак |
М 43 |
| p |
Инвентарный номер |
04060558 |
| 901 |
Тип документа |
__ |
| t |
Тип документа |
x |
| 903 |
Характеристики (МАРС) |
__ |
| a |
Дата передачи |
20040607 |
| 969 |
Тип издания |
__ |
| a |
Тип издания |
сборник |
| 990 |
Данные о заказе (DOS) |
__ |
| t |
N записи в КСУ для И/У (DOS) |
200406 |
| j |
Количество экземпляров (DOS) |
1 |